Wirtschaftsplanung und Kapitalproduktivität in arabischen OPEC-Staaten

Gespeichert in:
Bibliographische Detailangaben
1. Verfasser: Dicke, Hugo
Weitere Verfasser: Glismann, Hans H.
Format: Buch
Sprache:Deutsch
Veröffentlicht: Kiel Institut für Weltwirtschaft 1984
Tags: Tag hinzufügen
Keine Tags, Fügen Sie das erste Tag hinzu!

MARC

LEADER 00000nam a2200000 4500
001 c115154
005 20041019155200.5
041 0 |a ger 
044 |a DE 
245 1 0 |a Wirtschaftsplanung und Kapitalproduktivität in arabischen OPEC-Staaten  |c Hugo Dicke, Hans H. Glismann 
264 1 |a Kiel  |b Institut für Weltwirtschaft  |c 1984 
300 |a 31 s. 
100 1 |a Dicke, Hugo 
700 1 |a Glismann, Hans H.